[Event "Challenge"]
[Site "http://www.queenalice.com/game.php?id=1220614"]
[Date "2013.9.28"]
[Round "-"]
[White "Kowalsck"]
[Black "Kgarcia"]
[Result "0-1"]
[WhiteElo "1669"]
[BlackElo "1785"]

1. e4 e5 2. Bc4 Nf6 3. d3 Nc6 4. Nc3 Bc5 5. h3 a6 6. Nf3 h6 7. a3 d6 8. Qe2 Qe7
9. b4 Ba7 10. Bb3 Be6 11. Bxe6 Qxe6 12. Bd2 Nd4 13. Nxd4 exd4 14. Nd1 c5 15. O-O
Rc8 16. Nb2 O-O 17. Nc4 b5 18. Na5 d5 19. e5 Nd7 20. f4 f6 21. Rae1 fxe5 22.
fxe5 Rxf1+ 23. Kxf1 Rf8+ 24. Kg1 Rf5 25. Qg4 Nxe5 26. Qh4 Rf6 27. Bf4 Bb8 28.
Bxh6 Rxh6 29. Qd8+ Kh7 30. Qxb8 Nf3+ 31. Kf2 Nxe1 32. bxc5 Qe3+ 33. Kf1 Rf6+ 34.
Qf4 Rxf4# 0-1

[Event "Challenge"]
[Site "http://www.queenalice.com/game.php?id=1220615"]
[Date "2013.9.28"]
[Round "-"]
[White "Kowalsck"]
[Black "Kgarcia"]
[Result "1/2-1/2"]
[WhiteElo "1657"]
[BlackElo "1800"]

1. e4 c5 2. e5 d6 3. Bc4 dxe5 4. d3 Nc6 5. a3 g6 6. h3 Bg7 7. c3 Nf6 8. Nd2 Be6
9. Bxe6 fxe6 10. Qe2 Nd5 11. Ne4 b6 12. Nf3 Nf4 13. Bxf4 exf4 14. Nfg5 Qd5 15.
O-O O-O 16. Rab1 Rad8 17. Rbd1 Ne5 18. c4 Qc6 19. b4 h6 20. b5 Qc8 21. Nf3 Nxf3+
22. Qxf3 Bd4 23. a4 Kh7 24. Kh2 Rf5 25. h4 Rh5 26. g3 fxg3+ 27. fxg3 Rf5 28. Qe2
Rdf8 29. Rde1 Qc7 30. Kh3 Be5 31. g4 Rf4 32. Rxf4 Rxf4 33. Ng3 Bf6 34. Qxe6 Rf3
35. Qf7+ Kh8 36. Qf8+ Kh7 37. Qf7+ Kh8 38. Qf8+ Kh7 39. Qf7+ 1/2-1/2

[Event "OS INCLIVEIS"]
[Site "http://www.queenalice.com/game.php?id=1226187"]
[Date "2013.10.21"]
[Round "-"]
[White "adelio"]
[Black "Kowalsck"]
[Result "1-0"]
[WhiteElo "1789"]
[BlackElo "1663"]

1. e4 e5 2. Nf3 d6 3. c4 Be7 4. g3 Nc6 5. Nc3 Be6 6. d3 Qd7 7. Ng5 Bxg5 8. Bxg5
a6 9. Nd5 Bxd5 10. cxd5 Nd4 11. Be3 Ne7 12. h4 c6 13. h5 cxd5 14. Bh3 f5 15. g4
Ng8 16. g5 Qb5 17. Bxd4 exd4 18. exf5 Ne7 19. f6 gxf6 20. gxf6 Nc6 21. f7+ Kd8
22. O-O Kc7 23. Re1 1-0

[Event "01"]
[Site "http://www.queenalice.com/game.php?id=1240045"]
[Date "2013.12.14"]
[Round "-"]
[White "Kgarcia"]
[Black "Kowalsck"]
[Result "0-1"]
[WhiteElo "1706"]
[BlackElo "1712"]

1. Nf3 d5 2. d4 Nc6 3. e3 Bf5 4. a3 e6 5. c4 Nf6 6. b3 Bxb1 7. Rxb1 Ne4 8. Qc2
Be7 9. cxd5 exd5 10. Bd3 Ng5 11. Nxg5 Bxg5 12. O-O Qf6 13. e4 Bxc1 14. Rbxc1 O-O
15. e5 Qg5 16. Rfd1 Rac8 17. Bxh7+ Kh8 18. Bf5 Rcd8 19. Bh3 g6 20. Qd2 Qxd2 21.
Rxd2 Na5 22. Rd3 c6 23. g3 Kg7 24. Bf1 f6 25. e6 Rfe8 26. Re1 f5 27. f4 Rd6 28.
Rde3 Kf6 29. e7 Kf7 30. h3 Rd7 31. a4 Rdxe7 32. Rxe7+ Rxe7 33. Rxe7+ Kxe7 34. b4
Nb3 35. Kf2 Nxd4 36. Bd3 Kf6 37. g4 fxg4 38. hxg4 b6 39. Ke3 c5 0-1

[Event "02"]
[Site "http://www.queenalice.com/game.php?id=1240046"]
[Date "2013.12.14"]
[Round "-"]
[White "Kgarcia"]
[Black "Kowalsck"]
[Result "0-1"]
[WhiteElo "1798"]
[BlackElo "1672"]

1. d4 a6 2. e4 b5 3. a3 Bb7 4. d5 h6 5. c4 c6 6. cxb5 cxd5 7. exd5 axb5 8. Bxb5
Qa5+ 9. Nc3 Nf6 10. Bc4 e6 11. b4 Qc7 12. Qd3 exd5 13. Qe3+ Be7 14. Bf1 Nc6 15.
Nb5 Qb8 16. Bb2 Ng4 17. Qg3 Qxg3 18. fxg3 O-O 19. Nc7 Rac8 20. Nxd5 Bd6 21. Be2
Nce5 22. Nb6 Rc2 23. Bxe5 Bxe5 24. Nxd7 Rd8 25. Nxe5 Nxe5 26. Nf3 Bxf3 27. Bxf3
Rdd2 28. Rf1 Nxf3+ 29. Rxf3 Rxg2 30. Rd1 Rxh2 31. Rd8+ Kh7 32. Rxf7 Ra2 33. Rdd7
Rh1+ 34. Rf1 Ra1+ 0-1

[Event "03"]
[Site "http://www.queenalice.com/game.php?id=1240047"]
[Date "2013.12.14"]
[Round "-"]
[White "Kowalsck"]
[Black "Kgarcia"]
[Result "1-0"]
[WhiteElo "1728"]
[BlackElo "1690"]

1. e4 c5 2. Nf3 e6 3. e5 d6 4. Nc3 dxe5 5. Nxe5 Bd6 6. d4 cxd4 7. Qxd4 Bxe5 8.
Qxe5 Nf6 9. Be2 O-O 10. Bg5 Nbd7 11. Qg3 Qb6 12. b3 Qa5 13. O-O Qf5 14. Bd3 Qg4
15. Ne2 h6 16. Bxf6 Nxf6 17. h3 Qxg3 18. Nxg3 b6 19. c4 Bb7 20. Rfe1 Nd7 21. Ne4
Rfd8 22. Rad1 Ne5 23. Bc2 a6 24. c5 bxc5 25. Nxc5 Rxd1 26. Rxd1 Bc6 27. f4 Ng6
28. Bxg6 fxg6 29. Nxe6 Kf7 30. Nc5 a5 31. Rd6 Bb5 32. Rb6 Be8 33. Rb7+ Kg8 34.
Ne6 Bf7 35. Nc7 Rd8 36. Ra7 Rd7 37. Ra8+ Kh7 38. Nb5 Rd5 39. Rb8 Rd1+ 40. Kh2
1-0

[Event "04"]
[Site "http://www.queenalice.com/game.php?id=1240048"]
[Date "2013.12.14"]
[Round "-"]
[White "Kowalsck"]
[Black "Kgarcia"]
[Result "1-0"]
[WhiteElo "1693"]
[BlackElo "1777"]

1. Nc3 e5 2. g3 d5 3. e3 Nf6 4. d3 c5 5. Bg2 d4 6. Ne4 Nbd7 7. Qe2 Rb8 8. Nf3
Be7 9. Nh4 Nf8 10. Bd2 Ng6 11. Nxg6 hxg6 12. Nxf6+ Bxf6 13. O-O Be6 14. exd4
cxd4 15. c3 Bh3 16. Rab1 Bxg2 17. Kxg2 Qd5+ 18. Kg1 Rc8 19. Qg4 Ke7 20. c4 Qc6
21. Bg5 Rxh2 22. Kxh2 Rh8+ 23. Bh4 Bxh4 24. gxh4 Qf6 25. Kg3 Qd6 26. Rh1 e4+ 27.
Kg2 exd3 28. Rbe1+ Kd8 29. Qe4 d2 30. Rd1 Qc6 31. Qxc6 bxc6 32. Rxd2 c5 33. b4
Kc7 34. bxc5 Rd8 35. Kf3 Kc6 36. h5 Kxc5 37. hxg6 fxg6 38. Rc2 d3 39. Rc3 1-0

[Event "Challenge"]
[Site "http://www.queenalice.com/game.php?id=1281892"]
[Date "2014.5.15"]
[Round "-"]
[White "Kgarcia"]
[Black "Kowalsck"]
[Result "0-1"]
[WhiteElo "1705"]
[BlackElo "1724"]

1. d4 d5 2. Nf3 h6 3. e3 Nf6 4. c4 Bf5 5. Nbd2 e6 6. b3 Bb4 7. Bb2 Ne4 8. a3
Bxd2+ 9. Nxd2 a6 10. Rc1 Nd7 11. h3 c6 12. cxd5 exd5 13. Nf3 Ng5 14. g3 Be4 15.
Bg2 Qb6 16. b4 a5 17. Bc3 axb4 18. axb4 Qb5 19. h4 Nh7 20. Bf1 Qb6 21. Be2 Nhf6
22. O-O O-O 23. Qd2 Qc7 24. Nh2 Bf5 25. Qd1 Bh3 26. Re1 Qc8 27. Bg4 Nxg4 28.
Nxg4 Nb6 29. Ne5 f5 30. Ng6 Rf7 31. Nf4 Bg4 32. Qd3 Nc4 33. Rf1 Bf3 34. Ng6 f4
35. exf4 Be4 36. Qe2 Bxg6 37. Rfe1 Qh3 38. Qf1 Qg4 39. Kh2 Ra3 40. Rc2 Bf5 0-1

[Event "Challenge"]
[Site "http://www.queenalice.com/game.php?id=1281893"]
[Date "2014.5.15"]
[Round "-"]
[White "Kowalsck"]
[Black "Kgarcia"]
[Result "0-1"]
[WhiteElo "1742"]
[BlackElo "1687"]

1. Nf3 d5 2. d4 e6 3. Bf4 c5 4. e3 Nf6 5. c3 c4 6. Nbd2 Bd6 7. Ne5 Nbd7 8. Ng4
Bxf4 9. exf4 Nh5 10. g3 Nhf6 11. Ne5 h6 12. Qe2 a5 13. Bg2 O-O 14. O-O b5 15. f5
Ra6 16. g4 exf5 17. gxf5 Re8 18. Qf3 Nxe5 19. dxe5 Rxe5 20. Bh3 Nh7 21. Rad1 Ng5
22. Qg3 Nxh3+ 23. Qxh3 Bxf5 24. Qf3 Rg6+ 25. Kh1 Bg4 26. Qf4 Rf5 27. Qd4 Bxd1
28. Ne4 Bf3# 0-1

[Event "Challenge"]
[Site "http://www.queenalice.com/game.php?id=1310440"]
[Date "2014.9.25"]
[Round "-"]
[White "Kgarcia"]
[Black "Kowalsck"]
[Result "0-1"]
[WhiteElo "1690"]
[BlackElo "1741"]

1. d4 d5 2. Nf3 Bf5 3. e3 e6 4. c4 Nf6 5. b3 Bb4+ 6. Nbd2 Ne4 7. a3 Bc3 8. Ra2
Qf6 9. Be2 a6 10. h3 Nd7 11. cxd5 Bxd4 12. Nxd4 Nc3 0-1

[Event "Challenge"]
[Site "http://www.queenalice.com/game.php?id=1310441"]
[Date "2014.9.25"]
[Round "-"]
[White "Kowalsck"]
[Black "Kgarcia"]
[Result "1-0"]
[WhiteElo "1755"]
[BlackElo "1679"]

1. d4 d5 2. c4 e6 3. c5 b6 4. b4 Nf6 5. Bg5 Be7 6. Nf3 Ba6 7. Nc3 c6 8. a4 b5 9.
axb5 Bxb5 10. Nxb5 cxb5 11. e3 Nc6 12. Bxb5 Qc7 13. Ra6 O-O 14. Rxc6 Qb7 15. Ba4
Ne4 16. Bxe7 Qxe7 17. Nd2 Nc3 18. Qc2 Nxa4 19. Qxa4 Rfb8 20. O-O h6 21. Rd6 Rc8
22. Rd7 Qe8 23. c6 Rd8 24. Nb3 Rac8 25. Rxd8 Qxd8 26. b5 Qb6 27. Nc5 Rc7 28. Nd7
1-0

[Event "Challenge"]
[Site "http://www.queenalice.com/game.php?id=1310442"]
[Date "2014.9.25"]
[Round "-"]
[White "Kowalsck"]
[Black "Kgarcia"]
[Result "0-1"]
[WhiteElo "1768"]
[BlackElo "1666"]

1. Nf3 d5 2. d4 Nf6 3. Nc3 e6 4. Bf4 a6 5. e3 Nbd7 6. Ne5 Be7 7. Bd3 c5 8. O-O
O-O 9. Ng4 b6 10. b3 Nxg4 11. Qf3 Ngf6 12. Ne2 Bb7 13. Qh3 g6 14. Ng3 cxd4 15.
exd4 Re8 16. f3 Bc8 17. Bg5 e5 18. c3 exd4 19. cxd4 Nc5 20. dxc5 Bxh3 21. gxh3
Nh5 22. Bxe7 Qxe7 23. Nxh5 gxh5 24. cxb6 Qd6 25. b7 Rab8 26. Rae1 Rxe1 27. Rxe1
Rxb7 28. Re2 Re7 29. Rxe7 Qxe7 30. Bxa6 Qa3 31. Bb7 Qa7+ 0-1

[Event "Challenge"]
[Site "http://www.queenalice.com/game.php?id=1310553"]
[Date "2014.9.25"]
[Round "-"]
[White "Rogerio11"]
[Black "Kowalsck"]
[Result "0-1"]
[WhiteElo "1283"]
[BlackElo "1739"]

1. e4 e5 2. d3 Nc6 3. c4 Bc5 4. Nf3 a6 5. Bg5 Nf6 6. a3 h6 7. Bh4 g5 8. Bg3 d6
9. b3 Be6 10. a4 Bg4 11. Nc3 Nd4 12. Nd5 Bxf3 13. gxf3 Nxd5 14. exd5 Bb4+ 15.
Qd2 Bxd2+ 16. Kxd2 Nxb3+ 17. Ke2 Nxa1 18. Bg2 Nc2 19. Kd2 Nd4 20. f4 gxf4 21.
Bxf4 exf4 22. Kc3 Qf6 23. Re1+ Kd7 24. Bh3+ Nf5+ 25. Kb3 Rae8 26. Rc1 Re2 27.
Rf1 Qb2# 0-1

[Event "Challenge"]
[Site "http://www.queenalice.com/game.php?id=1322019"]
[Date "2014.11.13"]
[Round "-"]
[White "Kgarcia"]
[Black "Kowalsck"]
[Result "1-0"]
[WhiteElo "1728"]
[BlackElo "1720"]

1. d4 Nf6 2. Nf3 d5 3. e3 a6 4. c4 e6 5. Nbd2 Nc6 6. a3 Bd7 7. c5 Be7 8. b4 b6
9. Rb1 O-O 10. Bd3 b5 11. O-O Bc8 12. Bb2 Ng4 13. Re1 Na7 14. Ne5 Nxe5 15. dxe5
Nc6 16. Nf3 Re8 17. Qc2 h6 18. h3 Rb8 19. Kh1 Rf8 20. Kg1 f6 21. exf6 Bxf6 22.
Red1 Bxb2 23. Rxb2 e5 24. Bh7+ Kh8 25. Qg6 Bf5 26. Qxc6 Bxh7 27. Nxe5 Rf6 28.
Rxd5 Rxc6 29. Rxd8+ Rxd8 30. Nf7+ Kg8 31. Nxd8 Rf6 32. Rd2 Bf5 33. Nb7 Rg6 34.
g4 h5 35. f3 hxg4 36. hxg4 Kh7 37. Kf1 Be6 38. Na5 Rf6 39. Kg2 Rf7 40. Nc6 g5
41. Nd8 Re7 42. Nxe6 Kg6 43. Nxc7 Rxc7 44. Rd6+ Kf7 45. Rxa6 Re7 46. e4 Rd7 47.
a4 bxa4 48. Rxa4 Rd2+ 49. Kf1 Rc2 50. Ra6 Rb2 51. c6 Ke6 52. Rb6 Kd6 53. b5 Kc7
54. Rb7+ Kc8 55. b6 Rc2 56. Rc7+ Kb8 57. e5 Rc5 58. e6 Re5 59. e7 Re6 60. Rd7
Rxc6 61. e8=Q+ Rc8 62. Qe5+ Ka8 63. Ra7# 1-0

[Event "Challenge"]
[Site "http://www.queenalice.com/game.php?id=1322020"]
[Date "2014.11.13"]
[Round "-"]
[White "Kowalsck"]
[Black "Kgarcia"]
[Result "0-1"]
[WhiteElo "1748"]
[BlackElo "1686"]

1. c3 d5 2. d4 e6 3. Nf3 c5 4. dxc5 Bxc5 5. e3 Bd7 6. Nbd2 Nf6 7. Bd3 O-O 8. Bc2
Bc6 9. Ne5 Bb5 10. h3 Bd6 11. f4 Qc7 12. Ndf3 Nbd7 13. Qd2 Bxe5 14. Nxe5 Nxe5
15. fxe5 Qxe5 16. Bd3 Qg3+ 17. Kd1 Bxd3 18. b3 Ne4 19. Ba3 Rfc8 20. Qe1 Nf2+ 21.
Kd2 Nxh1 22. Qxh1 Be4 23. Qg1 d4 24. Rf1 dxe3+ 25. Kc1 Rxc3+ 26. Kb2 Rc2+ 27.
Kb1 Rxg2+ 0-1

[Event "Challenge"]
[Site "http://www.queenalice.com/game.php?id=1327707"]
[Date "2014.12.12"]
[Round "-"]
[White "JORAM2205"]
[Black "Kowalsck"]
[Result "1-0"]
[WhiteElo "1744"]
[BlackElo "1730"]

1. e4 e5 2. Nf3 d6 3. Nc3 c6 4. Bc4 h6 5. d3 Nf6 6. d4 Be7 7. h3 b5 8. Be2 Nbd7
9. a3 exd4 10. Nxd4 Bb7 11. Nf5 Bf8 12. Be3 c5 13. Bxb5 a6 14. Bd3 Ne5 15. b3
Bc8 16. f4 Nxd3+ 17. cxd3 Bxf5 18. exf5 d5 19. d4 Qc7 20. Rc1 cxd4 21. Bxd4 1-0

[Event "Challenge"]
[Site "http://www.queenalice.com/game.php?id=1335327"]
[Date "2015.1.17"]
[Round "-"]
[White "Kowalsck"]
[Black "Kgarcia"]
[Result "0-1"]
[WhiteElo "1704"]
[BlackElo "1755"]

1. e4 c5 2. c3 e5 3. d4 cxd4 4. cxd4 exd4 5. Qxd4 Nc6 6. Qe3 Nf6 7. a3 Be7 8.
Bd3 Qc7 9. Nf3 Ng4 10. Qe2 Bc5 11. Be3 Nxe3 12. fxe3 Ne5 13. Nxe5 Qxe5 14. Nc3
O-O 15. O-O Qg5 16. Rf3 d5 17. Nxd5 Bg4 18. Rc1 Bxf3 19. Qxf3 Rac8 20. Rc4 Rfd8
21. Kf1 Bd6 22. e5 Qxe5 23. Re4 Qxh2 24. Ne7+ Bxe7 25. Rxe7 Rf8 26. Ke2 Qd6 27.
Qe4 Qg6 28. Qd5 Qg4+ 29. Kf2 Qh4+ 30. Ke2 Qxe7 31. Qf5 g6 32. Qa5 Rfe8 33. e4
Red8 34. a4 Rc7 35. Qxa7 Rcd7 36. Bb1 Rd2+ 37. Kf3 Qf6+ 38. Kg3 Qg5+ 39. Kh2
Qxg2# 0-1

[Event "Challenge"]
[Site "http://www.queenalice.com/game.php?id=1335328"]
[Date "2015.1.17"]
[Round "-"]
[White "Kgarcia"]
[Black "Kowalsck"]
[Result "1-0"]
[WhiteElo "1769"]
[BlackElo "1690"]

1. d4 d5 2. Nf3 Nc6 3. e3 Nf6 4. c4 e6 5. a3 b6 6. Be2 Bd6 7. O-O Ne4 8. Nbd2
Ng5 9. b4 dxc4 10. Nxg5 Qxg5 11. Nxc4 Qh6 12. Nxd6+ cxd6 13. Bf3 d5 14. e4 Ne7
15. Bxh6 O-O 16. Bf4 Ng6 17. Qd2 dxe4 18. Bxe4 Bb7 19. Bxb7 Rad8 20. Bg3 Ne7 21.
Rac1 Nf5 22. Rc4 h5 23. Rfc1 h4 24. Be5 f6 25. Bf4 e5 26. Be4 Nxd4 27. Qa2 Kh8
28. Be3 b5 29. Rc7 a6 30. Ra7 Rd6 31. a4 bxa4 32. Bxd4 Rxd4 33. f3 f5 34. Bb1 e4
35. Re7 exf3 36. gxf3 Rxb4 37. Qa1 Rg8 38. Rcc7 a3 39. Rxg7 Rb2 40. Rxg8+ Kxg8
41. Bxf5 Rb5 42. Qg7# 1-0

[Event "Challenge"]
[Site "http://www.queenalice.com/game.php?id=1345342"]
[Date "2015.3.3"]
[Round "-"]
[White "Kowalsck"]
[Black "Kgarcia"]
[Result "1/2-1/2"]
[WhiteElo "1677"]
[BlackElo "1784"]

1. Nc3 d5 2. g3 Nf6 3. Bg2 d4 4. Ne4 Nbd7 5. d3 e5 6. Nxf6+ Nxf6 7. Bg5 Be7 8.
a3 Rb8 9. Qd2 Bd7 10. Qa5 c5 11. Qxa7 Ra8 12. Qxb7 Qa5+ 13. Bd2 Qa7 14. Qxa8+
Qxa8 15. Bxa8 O-O 16. Bg2 Rb8 17. b3 h6 18. e3 Rb6 19. Nf3 Bd6 20. exd4 exd4 21.
O-O Rb8 22. a4 Bc8 23. Rfe1 Bd7 24. a5 Bb5 25. Nh4 Ba6 26. Nf5 Bf8 27. Bf4 Rc8
28. h3 1/2-1/2

[Event "Challenge"]
[Site "http://www.queenalice.com/game.php?id=1345343"]
[Date "2015.3.3"]
[Round "-"]
[White "Kowalsck"]
[Black "Kgarcia"]
[Result "1-0"]
[WhiteElo "1716"]
[BlackElo "1761"]

1. e4 e5 2. Bc4 Nc6 3. c3 Nf6 4. d3 d5 5. exd5 Nxd5 6. Nf3 Bg4 7. h3 Bh5 8. Bg5
Be7 9. Bxe7 Ndxe7 10. Nbd2 O-O 11. Ne4 a6 12. Ng3 Bg6 13. Nh4 b5 14. Bb3 Bxd3
15. Bc2 Bxc2 16. Qxc2 Qc8 17. O-O Re8 18. Rfe1 Kh8 19. Re4 Ng8 20. Rae1 Nf6 21.
R4e2 Nh5 22. Nxh5 Qe6 23. b3 Qh6 24. Qf5 f6 25. Rd1 Ne7 26. Qf3 Rad8 27. Rxd8
Rxd8 28. Nf5 Nxf5 29. Qxf5 c5 30. Re3 Rf8 31. Rxe5 g6 32. Qe6 gxh5 33. Rf5 a5
34. Qd6 c4 35. Rxh5 Qg7 36. Rxb5 cxb3 37. axb3 Re8 38. Rxa5 Qh6 39. Ra1 1-0

[Event "Challenge"]
[Site "http://www.queenalice.com/game.php?id=1345344"]
[Date "2015.3.3"]
[Round "-"]
[White "Kgarcia"]
[Black "Kowalsck"]
[Result "0-1"]
[WhiteElo "1780"]
[BlackElo "1695"]

1. e4 e5 2. Bc4 Nf6 3. Nc3 c6 4. Nf3 Bd6 5. b3 O-O 6. O-O Bc7 7. Bb2 d5 8. Bd3
Bd6 9. Re1 Re8 10. a3 d4 11. Ne2 Bg4 12. Ng3 h6 13. h3 Be6 14. c3 Qb6 15. b4
dxc3 16. dxc3 Nbd7 17. c4 Qd8 18. c5 Bc7 19. Qc2 Nf8 20. Nxe5 N8d7 21. Nxd7 Bxd7
22. e5 Nd5 23. Rad1 Nf4 24. Bh7+ Kf8 25. Bf5 Nd5 26. Qd3 Re7 27. Bxd7 Rxd7 28.
Nf5 Qg5 29. Re3 Nxe3 30. Qxe3 Rxd1+ 31. Kh2 Qxf5 32. g3 Qb1 0-1

[Event "Challenge"]
[Site "http://www.queenalice.com/game.php?id=1345345"]
[Date "2015.3.3"]
[Round "-"]
[White "Kgarcia"]
[Black "Kowalsck"]
[Result "1-0"]
[WhiteElo "1743"]
[BlackElo "1734"]

1. Nf3 d5 2. d4 Nc6 3. e3 Nf6 4. c4 Bg4 5. Nbd2 e6 6. Be2 Bb4 7. cxd5 Nxd5 8. a3
Bd6 9. h3 Bh5 10. O-O O-O 11. Qc2 Bg6 12. Bd3 a6 13. Ne4 Nf6 14. Nxd6 cxd6 15.
Re1 e5 16. dxe5 Nxe5 17. Nxe5 dxe5 18. Bxg6 fxg6 19. b4 b5 20. Bb2 Qe7 21. Rac1
Nd7 22. Red1 Nb6 23. Qc5 Qxc5 24. bxc5 Nc4 25. Rc2 Rac8 26. Rd5 Rfe8 27. a4 Rcd8
28. e4 Kf7 29. axb5 axb5 30. Bc3 Rc8 31. Bb4 Nb6 32. cxb6 h5 33. Rc7+ Kg8 34.
Rxb5 g5 35. Bd6 g4 36. Bxe5 gxh3 37. Rxg7+ Kf8 38. b7 Rcd8 39. gxh3 Rxe5 40. Rg5
Rxg5+ 41. Rxg5 Rb8 42. Rb5 Kf7 43. Kg2 Kf6 44. f4 Kg6 45. Kg3 Kf6 46. Kh4 Kg6
47. Rb6+ Kg7 48. Kxh5 Rh8+ 49. Kg4 Rb8 50. h4 Kf7 51. f5 Kg7 52. h5 Kh7 53. e5
Rg8+ 54. Kh4 Rb8 55. f6 Kh6 56. e6 Kh7 57. e7 Kg8 58. h6 Kf7 59. Kg5 Kg8 60. Kg6
Kh8 61. f7 Rg8+ 62. fxg8=R+ Kxg8 63. e8=R# 1-0

[Event "Challenge"]
[Site "http://www.queenalice.com/game.php?id=1357806"]
[Date "2015.5.6"]
[Round "-"]
[White "Magogue"]
[Black "Kowalsck"]
[Result "0-1"]
[WhiteElo "1860"]
[BlackElo "1681"]

1. e4 e5 2. f4 d6 3. Bc4 Nh6 4. d4 Bg4 5. Nf3 exd4 6. Qxd4 Nc6 7. Qc3 Bxf3 8.
Qxf3 Nd4 9. Qc3 Nc6 10. O-O Qh4 11. f5 O-O-O 12. Bxh6 Qxh6 13. Bxf7 Ne5 14. Bb3
Be7 15. h3 Bf6 16. Be6+ Kb8 17. Qb3 g6 18. Na3 a6 19. Rae1 Rhe8 20. Nc4 Nxc4 21.
Bxc4 Bd4+ 22. Kh1 gxf5 23. Bxa6 Bb6 24. Bd3 fxe4 25. Bxe4 Rf8 26. a4 Rxf1+ 27.
Rxf1 Rf8 28. Bf3 Qd2 29. Ra1 Qa5 30. Rd1 Rf4 31. Qg8+ Ka7 32. b3 Qc3 33. Qxh7
Rxf3 34. gxf3 Qxf3+ 0-1

[Event "Challenge"]
[Site "http://www.queenalice.com/game.php?id=1357807"]
[Date "2015.5.6"]
[Round "-"]
[White "Kowalsck"]
[Black "Magogue"]
[Result "1-0"]
[WhiteElo "1714"]
[BlackElo "1196"]

1. e4 e5 2. Nf3 d6 3. Bc4 Be7 4. d4 exd4 5. Nxd4 Nf6 6. Nc3 Ng4 7. Nf5 Bxf5 8.
exf5 Nf6 9. Qf3 c6 10. Bg5 d5 11. Bd3 h6 12. Bh4 Nbd7 13. h3 O-O 14. O-O Ne5 15.
Qe2 Nxd3 16. Rab1 1-0

[Event "Challenge"]
[Site "http://www.queenalice.com/game.php?id=1363697"]
[Date "2015.6.5"]
[Round "-"]
[White "Bategoll"]
[Black "Kowalsck"]
[Result "1-0"]
[WhiteElo "1886"]
[BlackElo "1704"]

1. d4 d5 2. Nf3 Nc6 3. e3 Bg4 4. Nc3 Nf6 5. Be2 e6 6. Bd2 Bd6 7. a3 a6 8. Rb1
Qe7 9. b4 Na7 10. Na4 O-O 11. Nc5 c6 12. c4 Nc8 13. cxd5 cxd5 14. O-O Nb6 15. a4
Nc4 16. Bc3 b6 17. Nd3 Ne4 18. Be1 Rac8 19. Nde5 Bxe5 20. Nxe5 Bxe2 21. Qxe2 b5
22. axb5 axb5 23. f3 Ned6 24. Bg3 Nf5 25. Bf2 Nfd6 26. Nd3 Nb7 27. Nc5 Na3 28.
Rbc1 Nc4 29. Qa2 Ra8 30. Qc2 Nbd6 31. Rfe1 Qg5 32. Qe2 Ra7 33. Bg3 Nf5 34. f4
Qg6 35. e4 Nxg3 36. hxg3 Qxg3 37. exd5 exd5 38. f5 Ra3 39. Nd7 Rd8 40. Qe8+ Rxe8
41. Rxe8# 1-0